1236 1680 1504 1411 1390 1009 1627 1199 1137 1789 1693 1479 1723 1733 1553 1081 1367 1933 1426 1285 1044 1637 1908 1833 1151 1321 1173 1080 1105 1882 1249 1447 1725 1487 1724 1968 1068 1439 1441 1020 1893 1436 1142 1963 1331 1906 1808 1197 1733 1684 1457 1224 1256 1501 1936 1289 1863 1895 1243 1252 1702 1155 1511 1041 1037 1701 1377 1020 1588 1331 1042 1351 1346 1911 1102 1164 1321 1313 1673 1076 1080 1204 1701 1090 1746 1813 1041 1694 1410 1978 1767 1316 1462 1921 1985 1844 1773 1521 1272 BCNSPRNW ULIB Ver.6.0+V

เปลี่ยนเป็นภาษาไทย

Change to English
 แสดงรายละเอียดบรรณานุกรม
  กลับหน้าหลัก

Brief Record : Get Marc (ISO 2709) : E-mail record : QR code < ปิดหน้าต่าง
LEADER : 00000nam 2200000uu 4500
001    13399110901
003     ULIB
008    110613s||||||||th 000 0 tha d
020    9749006607
050  4 AC158^bป542ส 2546
100    ปาซาซอฟฟ์,เจย์ เอ็ม
245    แสงและเสียง = ^bSound and Light/ ^cผู้แต่ง ปาซาซอฟฟ์,เจย์ เอ็ม ; แปลและเรียบเรียง วีรชัย สิริพันธ์วราภรณ์ และรัชภาคย์ จิตต์อารี
246 31 สำรวจโลกวิทยาศาสตร์
260    กรุงเทพฯ : ^bเพียร์สัน เอ็ดดูเคชั่น อินโดไซน่า, ^c2546
300    174 หน้า : ^bภาพประกอบ ; ^c27 ซม.
650  7 แสง
650  7 ความรู้
650  7 เสียง
700    สุทัศน์ ยกส้าน,^eบรรณาธิการ
700    วีรชัย สิริพันธ์วราภรณ์, ^eผู้แปล
700    รัชภาคย์ จิตต์อารี, ^eผู้แปลร่วม
945    ^p0^l0^i028548
995    ทศพร
999 ^a ใช้งานได้ทุกระบบ
รายการนี้ยังไม่มีแท็ก
คุณยังไม่ได้ล็อกอิน คุณสามารถมีกิจกรรมร่วมกับเว็บไซต์ได้ แต่ต้องล็อกอินก่อน ::
  ล็อกอิน

รายการสื่อสารสนเทศ

ลำดับที่ ประเภท เลขเรียก/บาร์โค้ด สถานที่ สถานะ
- ไม่พบข้อมูล -

รายการใกล้เคียง
    หัวเรื่อง [แสง]
    หัวเรื่อง [ความรู้]
    หัวเรื่อง [เสียง]

BibComment


ยังไม่เคยถูกคอมเมนท์

คอมเมนท์ทรัพยากรรายการนี้
  คอมเมนท์: แสงและเสียง Sou..


 Copyright 2026. Bcnsprnw @Library